Statistics for Not What You Would Expect

Click here to take the quiz!

General Stats

  • This quiz has been taken 894 times
  • The average score is 11 of 15

Answer Stats

QuestionAnswer% Correct
80% of this island is covered with ice.Greenland
94%
Body part affected by heartburn?Esophagus / Stomach
91%
What element is pencil lead made of?Carbon
88%
What is a flying fox?Bat
86%
What is the color of an airplane's Black Box?Orange
82%
Who Invented the Phillips Screwdriver?John P. Thompson
80%
What is a silverfish?Insect
75%
What is the geometric shape of New York's Times Square?Bowtie (Two Triangles)
74%
What type of musical instrument is the English Horn?Woodwind
71%
What type of business is JoS. A. Bank?Clothing Retailer
71%
What is a peanut?Legume
70%
How many dances are mentioned in the lyrics of the Wilson Pickett song "Land of 1000 Dances"?4
62%
What kind of wood is Howard Hughes" airplane, the Spruce Goose, made of?Birch
58%
Which state has its capital city on the Delaware River?New Jersey
52%
What are the dimensions of a two-by-four?1.5" x 3.5".
44%

Score Distribution

Percentile by Number Answered

Percent of People with Each Score

Your Score History

You have not taken this quiz